| 000 | 00522nam a22001937a 4500 | ||
|---|---|---|---|
| 003 | NUST - PNEC | ||
| 005 | 20170116180818.0 | ||
| 008 | 150611b xxu||||| |||| 00| 0 eng d | ||
| 020 | _a0030295580 | ||
| 040 | _cLIBRARY | ||
| 082 | _a510.9 EVE | ||
| 100 |
_93879 _aEves, Jamle H. |
||
| 245 |
_aAn introduction to the history of mathematics _cJamle H. Eves |
||
| 250 | _a6th ed | ||
| 260 |
_aUSA _bHarcourt College Publishers _cc1990. |
||
| 300 | _a775 p. : | ||
| 650 |
_93881 _aMathematics _xGeneral |
||
| 942 |
_2ddc _cBK |
||
| 999 |
_c63621 _d63621 |
||